000 00392cam a22001337a 4500
008 180718b1900 xxu||||| |||| 00| 0 eng d
082 _aA6x42 M216
100 _aMackinnon, James
245 _aThe history of Edward the Third (1327-1377)
_cby James Mackinnon
260 _aLondon
_bLongmans
_c1900
300 _a625p.
650 _aEdward III, King of England, 1312-77
650 _aUK - History
999 _c373114
_d373114